|
|
|
|
| LEADER |
02367nam a22004695i 4500 |
| 001 |
978-3-319-12066-9 |
| 003 |
DE-He213 |
| 005 |
20151028111440.0 |
| 007 |
cr nn 008mamaa |
| 008 |
141208s2014 gw | s |||| 0|eng d |
| 020 |
|
|
|a 9783319120669
|9 978-3-319-12066-9
|
| 024 |
7 |
|
|a 10.1007/978-3-319-12066-9
|2 doi
|
| 040 |
|
|
|d GrThAP
|
| 050 |
|
4 |
|a TA329-348
|
| 050 |
|
4 |
|a TA640-643
|
| 072 |
|
7 |
|a TBJ
|2 bicssc
|
| 072 |
|
7 |
|a MAT003000
|2 bisacsh
|
| 082 |
0 |
4 |
|a 519
|2 23
|
| 100 |
1 |
|
|a Pathak, Manas A.
|e author.
|
| 245 |
1 |
0 |
|a Beginning Data Science with R
|h [electronic resource] /
|c by Manas A. Pathak.
|
| 264 |
|
1 |
|a Cham :
|b Springer International Publishing :
|b Imprint: Springer,
|c 2014.
|
| 300 |
|
|
|a XI, 157 p. 155 illus., 26 illus. in color.
|b online resource.
|
| 336 |
|
|
|a text
|b txt
|2 rdacontent
|
| 337 |
|
|
|a computer
|b c
|2 rdamedia
|
| 338 |
|
|
|a online resource
|b cr
|2 rdacarrier
|
| 347 |
|
|
|a text file
|b PDF
|2 rda
|
| 505 |
0 |
|
|a Introduction -- Overview of the R Programming Language -- Getting Data into R -- Data Visualization -- Exploratory Data Analysis -- Regression -- Classification -- Text Mining. .
|
| 520 |
|
|
|a “Data Science with R” deals with implementing many useful data analysis methodologies with the R programming language. The target audience for this book is non-R programmers and non-statisticians. The book will cover all the necessary concepts from the basics to state-of-the-art technologies like working with big data. The author attempts to strike a balance between the “how”: specific processes and methodologies, while also talking about the “why”: giving an intuition behind how a particular technique works, so that the reader can apply the generalized solution to the problem at hand.
|
| 650 |
|
0 |
|a Engineering.
|
| 650 |
|
0 |
|a Statistics.
|
| 650 |
|
0 |
|a Applied mathematics.
|
| 650 |
|
0 |
|a Engineering mathematics.
|
| 650 |
1 |
4 |
|a Engineering.
|
| 650 |
2 |
4 |
|a Appl.Mathematics/Computational Methods of Engineering.
|
| 650 |
2 |
4 |
|a Statistics and Computing/Statistics Programs.
|
| 650 |
2 |
4 |
|a Signal, Image and Speech Processing.
|
| 710 |
2 |
|
|a SpringerLink (Online service)
|
| 773 |
0 |
|
|t Springer eBooks
|
| 776 |
0 |
8 |
|i Printed edition:
|z 9783319120652
|
| 856 |
4 |
0 |
|u http://dx.doi.org/10.1007/978-3-319-12066-9
|z Full Text via HEAL-Link
|
| 912 |
|
|
|a ZDB-2-SMA
|
| 950 |
|
|
|a Mathematics and Statistics (Springer-11649)
|